Statistics for Most Consecutive #1 Studio Albums (Debut)

Click here to take the quiz!

General Stats

  • This quiz has been taken 5 times
  • The average score is 2 of 8

Answer Stats

AlbumsArtists% Correct
5Madonna
75%
6Beyoncé
50%
6Eminem
25%
6Dave Matthews Band
0%
5Disturbed
0%
7Kanye West
0%
6Metallica
0%
5U2
0%

Score Distribution

Percentile by Number Answered

Percent of People with Each Score

Your Score History

You have not taken this quiz